| 000 | 00821cab a2200181 4500 | ||
|---|---|---|---|
| 001 | L130056 | ||
| 008 | 050620n2005 000 0 eng u | ||
| 035 | _a(Sirsi) u130056 | ||
| 041 | _aeng | ||
| 100 | _aCousins, David | ||
| 245 | _aWhen 'Get off my land' carries no weight | ||
| 260 | _c2005 | ||
| 490 |
_aFarmers' Weekly _v142(23) 10-16 June 2005, 72-74(3) |
||
| 520 | _aProvides answers to many of the typical questions asked by farmers and landowners facing the compulsory purchase process including the issue of compulsory rights in respect of pipelines, cables, sewers and water mains. Lists 10 good compulsory purchase ideas and presents three case studies. | ||
| 590 | _aIKa210605 | ||
| 690 | _aENVIRONMENTAL AND LAND CONSULTANCY-PLANNING AND DEVELOPMENT-COMPULSORY PURCHASE AND COMPENSATION | ||
| 942 | _n0 | ||
| 999 |
_c75424 _d75424 |
||